[Event "Dvorkovich Memorial Rapid 2018"]
[Site "Taganrog"]
[Date "2018.01.14"]
[Round "1.2"]
[White "Sjugirov, Sanan"]
[Black "Kim, Yana"]
[Result "1-0"]
[WhiteElo "2652"]
[BlackElo "2092"]
[Annotator "TA"]
[PlyCount "51"]
[EventDate "2018.??.??"]
[EventType "swiss"]
[EventCountry "RUS"]
[SourceTitle "playchess.com"]
[Source "ChessBase"]
[SourceQuality "1"]

{[%evp 17,51,63,64,55,66,68,109,74,72,73,59,59,72,56,72,79,91,97,103,105,106,97,120,118,153,154,213,199,221,189,229,231,272,272,272,272]} 1. d4 Nf6 2. c4 g6 3. Nc3 Bg7 4. e4 d6 5. Nf3 O-O 6. Be2 e5 7. O-O Nc6 8. Be3 Bg4 9. d5 Ne7 10. c5 {E97: King's Indian: Classical Main Line (6...e5 7 0-0 Nc6): 8 Be3 and 8 d5 Ne7, not 9 Ne1} (10. b4 Nd7 11. Qd2 Nb6 12. c5 Bxf3 13. cxb6 Bxe2 14. bxc7 Qxc7 15. Nxe2 f5 16. Rac1 Qd7 17. f3 a6 {½-½ (43) Trushelyov,V (2354)-Khusenkhojaev,M (2373) Peterhof 2009}) 10... Ne8 11. Rc1 h6 12. h3 $146 {White is better.} ({Predecessor:} 12. Nd2 Bxe2 13. Qxe2 f5 14. f3 f4 15. Bf2 g5 16. Nc4 b6 17. cxd6 cxd6 {1-0 (45) Izquierdo,D (2055)-Cao,J (1972) Montevideo 2017}) 12... Bd7 13. Qb3 b6 14. cxd6 Nxd6 15. Nd2 f5 {[#] ...f4 is the strong threat.} 16. f3 f4 17. Bf2 g5 18. Nb5 Bxb5 19. Bxb5 a6 20. Be2 Qd7 21. Rc3 Kh7 (21... Nec8 $16 {was necessary.} 22. Rfc1 Ra7) 22. Rfc1 Rfc8 23. Qc2 {[%cal Rc3c7]} Ne8 24. a4 {[%cal Ba2a4,Ba4a5][%mdl 32]} Bf8 25. a5 b5 26. Nb3 {Precision: White = 78%, Black = 35%.} 1-0

[Event "Dvorkovich Memorial Rapid 2018"]
[Site "Taganrog"]
[Date "2018.01.14"]
[Round "1.3"]
[White "Ashrafzianov, Igor"]
[Black "Kokarev, Dmitry"]
[Result "0-1"]
[WhiteElo "2004"]
[BlackElo "2616"]
[Annotator "TA"]
[PlyCount "74"]
[EventDate "2018.??.??"]
[EventType "swiss"]
[EventCountry "RUS"]
[SourceTitle "playchess.com"]
[Source "ChessBase"]
[SourceQuality "1"]

{[%evp 20,74,25,0,15,-58,-11,-16,22,-22,24,17,25,27,31,0,0,0,0,-12,-10,-8,-11,-18,-7,-51,-54,-60,0,-171,-156,-219,-219,-241,-203,-296,-283,-325,-317,-460,-445,-590,-581,-845,-845,-841,-835,-1326,-1312,-1578,-1567,-1311,-1186,-29981,-29982,-29993,-29985]} 1. d4 Nf6 2. Nf3 g6 3. c4 Bg7 4. g3 O-O 5. Bg2 d5 6. O-O dxc4 7. Na3 c3 8. bxc3 c5 9. e3 Nc6 10. Qe2 Bf5 11. Nc4 {LiveBook: 12 Games. D77: Fianchetto Grünfeld: 6 0-0: Replies other than 6...c6} Rc8 12. Ba3 (12. Bb2 $11) 12... Ne4 13. Rfc1 {[#] The position is equal.} Na5 $146 {...Nxc4 is the strong threat.} ({Predecessor:} 13... b5 14. Nce5 Nxe5 15. Nxe5 Bxe5 16. dxe5 Qa5 17. Bb2 Rfd8 18. Rc2 Qa4 {½-½ (60) Nikolic,P (2638)-Van Wely,L (2668) Reykjavik 2003}) 14. Nfd2 Nxd2 15. Nxd2 cxd4 16. cxd4 Qd7 $1 17. Nc4 Nxc4 18. Rxc4 Be6 19. Rc2 Rxc2 20. Qxc2 Rc8 $36 {[%mdl 2048] Black has good play.} 21. Qb2 b6 22. Rc1 Rxc1+ 23. Qxc1 Bxa2 ({Better is} 23... Bf8 $15) 24. Bb4 $2 (24. Qc2 $1 $11 Be6 25. d5 $1 {[%mdl 512]} Bxd5 26. Bxd5 Qxd5 27. Qc8+ Bf8 28. Bxe7 Qd1+ 29. Kg2 Qd5+ 30. f3 Qa2+ 31. Kf1 Qb1+ 32. Kf2 Qb2+ 33. Kg1) 24... Bf6 25. Qa3 {[#]} (25. Qc2 $17 {is a better defense.} Be6 26. Ba3) 25... Bc4 $1 $19 26. Qc3 Qb5 27. Qe1 (27. Ba3 $142) 27... a5 {[%cal Ba7a5,Ba5a4,Ba4a3,Ba3a2][%mdl 32]} 28. Bc3 a4 29. e4 (29. Bb4 $142 e5 30. dxe5 Qxe5 31. Ba3) 29... a3 30. h4 a2 31. Qa1 Qb1+ 32. Kh2 e6 33. e5 Be7 34. h5 gxh5 35. Bf3 h4 36. gxh4 Bxh4 37. Kg2 b5 {Precision: White =  2%, Black = 72%.} 0-1

[Event "Dvorkovich Memorial Rapid 2018"]
[Site "Taganrog"]
[Date "2018.01.14"]
[Round "1.4"]
[White "Volkov, Sergey"]
[Black "Zubkov, Sergei"]
[Result "1-0"]
[WhiteElo "2627"]
[BlackElo "2107"]
[Annotator "TA"]
[PlyCount "38"]
[EventDate "2018.??.??"]
[EventType "swiss"]
[EventCountry "RUS"]
[SourceTitle "playchess.com"]
[Source "ChessBase"]
[SourceQuality "1"]

{[%evp 16,38,51,19,56,43,42,31,31,31,43,41,77,64,82,70,150,143,157,93,151,152,166,165,156]} 1. d4 Nf6 2. c4 g6 3. Nc3 Bg7 4. e4 O-O 5. Nf3 d6 6. Be2 Nbd7 7. O-O c6 8. Re1 e5 9. Bf1 Nb6 $146 {E95: King's Indian: Classical: 7...Nbd7 8 Re1} ({Predecessor:} 9... Qe7 10. h3 Ne8 11. a4 a5 12. b3 Nc7 13. Ba3 exd4 14. Nxd4 Nc5 15. e5 dxe5 16. Ne4 N7a6 17. Nxc5 Nxc5 {1-0 (59) Li,C (2732)-Onischuk,V (2637) Riadh 2017}) 10. dxe5 dxe5 11. Qxd8 Rxd8 {White is slightly better.} 12. Nxe5 Re8 13. f4 Nh5 14. Nf3 Be6 15. e5 Bh6 ({Black should play} 15... f6 $14) 16. Ne4 $16 Red8 17. c5 ({Better is} 17. Nd6) 17... Nd5 (17... Nd7 $142) 18. g3 Nb4 {[#]} 19. f5 $1 {[%cal Rf5e6]} gxf5 1-0

[Event "Dvorkovich Memorial Rapid 2018"]
[Site "Taganrog"]
[Date "2018.01.14"]
[Round "1.5"]
[White "Shubny, Aleksandr"]
[Black "Pridorozhni, Aleksei"]
[Result "0-1"]
[WhiteElo "1994"]
[BlackElo "2571"]
[Annotator "TA"]
[PlyCount "55"]
[EventDate "2018.??.??"]
[EventType "swiss"]
[EventCountry "RUS"]
[SourceTitle "playchess.com"]
[Source "ChessBase"]
[SourceQuality "1"]

{[%evp 19,55,0,72,56,43,15,24,37,32,31,29,28,25,17,22,0,22,1,4,14,24,41,58,8,91,0,0,0,0,0,-4,-28,0,0,0,0,0,8]} 1. d4 d5 2. c4 e6 3. Nc3 c6 4. e3 Nf6 5. Nf3 Nbd7 6. Be2 dxc4 7. Bxc4 b5 8. Bd3 Bb7 9. O-O a6 10. e4 b4 (10... c5 $11) 11. Na4 $16 {D48: Semi-Slav: Meran System: 7...b5 8 Bd3 a6} c5 12. dxc5 $146 ({Find the theoretical novelty and annotate with similar games:} 12. e5 Nd5 13. Qe2 cxd4 14. Nxd4 {½-½ (71) Tran,T (2541)-Pridorozhni,A (2540) Voronezh 2017}) 12... Nxc5 13. Nxc5 {White has an edge.} Bxc5 14. Qe2 Qb6 15. Bg5 h6 16. Bh4 Nh5 17. Ne5 Nf4 $1 {[%cal Rf4e2]} 18. Qg4 g5 {[%cal Bg7g5,Bg5g4][%mdl 32] [#] Strongly threatening ...Qd6.} 19. Bg3 Nxd3 20. Nxd3 Bd4 21. Rad1 {With the idea Ne5.} Qb5 (21... Rd8 $1 $11 {remains equal.}) 22. Rfe1 (22. Bd6 $16) 22... h5 $11 {[%cal Bh6h5,Bh5h4][%mdl 32]} 23. Qf3 g4 24. Qe2 h4 25. Bd6 Rd8 (25... g3 $5 26. hxg3 Rd8 $15) 26. Bxb4 {The position is equal.} g3 {[#] Threatens to win with ...gxf2+.} 27. Bc3 gxf2+ 28. Nxf2 {[%mdl 32768] Precision: White = 51%, Black = 68%. . Loss on Time!?} 0-1

[Event "Dvorkovich Memorial Rapid 2018"]
[Site "Taganrog"]
[Date "2018.01.14"]
[Round "1.6"]
[White "Bocharov, Dmitry"]
[Black "Getman, Tatyana"]
[Result "1-0"]
[WhiteElo "2583"]
[BlackElo "2106"]
[Annotator "TA"]
[PlyCount "57"]
[EventDate "2018.??.??"]
[EventType "swiss"]
[EventCountry "RUS"]
[SourceTitle "playchess.com"]
[Source "ChessBase"]
[SourceQuality "1"]

{[%evp 19,57,20,51,40,52,34,58,58,58,56,56,64,66,35,70,58,87,63,91,76,49,40,42,43,50,31,83,88,73,0,156,45,158,-70,384,0,366,-93,39,24]} 1. d4 d5 2. c4 e6 3. Nf3 Nf6 4. Nc3 Bb4 5. e3 O-O 6. Bd3 c5 7. O-O Nc6 8. a3 Bxc3 9. bxc3 dxc4 10. Bxc4 Qa5 11. Bb2 {E59: Nimzo-Indian: Rubinstein: Main Line: 7...Nc6 8 a3 Bxc3 9 bxc3 dxc4} Rd8 (11... b5 12. Be2 Rd8 13. Nd2 Qb6 14. a4 cxd4 15. cxd4 Ba6 16. axb5 Bxb5 17. Ba3 {½-½ (42) Greenfeld,A (2528)-Derakhshani,B (2293) Trieste 2017}) 12. Qe2 b6 $146 ({Predecessor:} 12... Qc7 13. Rfd1 cxd4 14. cxd4 Na5 {0-1 (35) Kouzmine,K-Znosko Borovsky,E Paris 1938}) 13. e4 cxd4 14. cxd4 Qh5 15. Rac1 Bb7 16. Rfd1 Na5 17. Bd3 Qg4 {[%cal Rb7e4]} 18. h3 Qf4 {[%cal Rf6e4]} 19. Re1 $36 {[%mdl 2048] Keeping Black busy.} Rac8 20. Rxc8 (20. Nd2 {keeps more tension.} Qd6 21. Rf1 Qf4 22. g3 Qd6 23. f4) 20... Rxc8 21. Nd2 Qg5 22. Bc1 Qh5 (22... Nh5 $14) 23. Nf3 $16 Nb3 24. Qf1 (24. Bb2 $16) 24... Na5 $2 {[#]} (24... Bxe4 $11 25. Bxe4 Nxe4) 25. Re3 (25. Ne5 $16) 25... Nc6 ({Better is} 25... Qh6 $14) 26. Ne5 $2 (26. e5 $16) 26... Qh6 $2 {[%mdl 8192]} (26... Nxe5 $15 {stays ahead.} 27. dxe5 Qxe5) 27. Nf3 $2 (27. Rg3 $18 Qxc1 28. Qxc1 Nxe5 29. Qg5) 27... Rd8 $2 {[%mdl 8192]} (27... Qh5 $11 {and Black has nothing to worry.}) 28. Nd2 $2 {[#]} ({White should play} 28. e5 $18) 28... Ne7 ({Worse is} 28... Rxd4 29. Nf3 $16) (28... Nxd4 $17 29. Bb2 e5) 29. Qe1 {[%mdl 32768] Precision: White = 17%, Black = 24%. . Loss on Time!?} 1-0

[Event "Dvorkovich Memorial Rapid 2018"]
[Site "Taganrog"]
[Date "2018.01.14"]
[Round "1.7"]
[White "Bogdanov, Rodion"]
[Black "Paravyan, David"]
[Result "0-1"]
[WhiteElo "1879"]
[BlackElo "2603"]
[Annotator "TA"]
[PlyCount "92"]
[EventDate "2018.??.??"]
[EventType "swiss"]
[EventCountry "RUS"]
[SourceTitle "playchess.com"]
[Source "ChessBase"]
[SourceQuality "1"]

{[%evp 9,92,-18,-7,-11,0,0,0,-19,-19,-19,-20,-20,-14,-61,-56,-84,-24,-24,-24,-37,-27,-268,-255,-292,-290,-295,-193,-290,-137,-323,-312,-312,-297,-365,-381,-409,-360,-353,-353,-431,-362,-503,-437,-602,-432,-560,-560,-620,-616,-797,-654,-800,-834,-809,-811,-836,-823,-806,-721,-744,-739,-701,-691,-875,-832,-1029,-1022,-990,-870,-832,-815,-820,-810,-713,-704,-887,-881,-739,-715,-772,-825,-939,-936,-883,-896]} 1. b3 Nf6 2. Bb2 d5 3. e3 c6 4. f4 Bf5 (4... g6 5. Nf3 Bg4 6. Be2 Bg7 7. Ne5 Bxe2 8. Qxe2 Nbd7 9. d3 Nxe5 10. Bxe5 a5 11. a4 O-O 12. Nd2 {1-0 (29) Mamedyarov,S (2765)-Leko,P (2723) Beijing 2014}) 5. Bd3 e6 6. Nf3 {A03: Bird's Opening with 1...d5} Bd6 $146 ({Predecessor:} 6... Bxd3 7. cxd3 Nbd7 8. Nc3 Bd6 9. O-O O-O 10. Ne2 a5 11. Qe1 a4 12. Qh4 axb3 13. axb3 Rxa1 14. Bxa1 {0-1 (29) Roessler,F (2140)-Jedynak,R (2431) Leutersdorf 2006}) 7. O-O O-O 8. Ne5 {The position is equal.} Nbd7 9. Nxd7 Nxd7 ({Of course not} 9... Qxd7 10. Bxf5 exf5 11. Bxf6 $16) 10. Bxf5 exf5 11. Qh5 g6 $1 {[%cal Rg6h5]} 12. Qh6 {[%csl Gb2][%cal Rh6g7] [#]} f6 (12... Nf6 $1 $17) 13. Nc3 Qe7 14. Ne2 Bb4 {[%cal Bd6b4,Bb4d2,Bd2e3][%mdl 32]} 15. Rad1 $2 {[#]} (15. Bc1 $11) 15... Bxd2 $1 $19 {[%mdl 512]} 16. Ng3 (16. Rxd2 Qxe3+) 16... Bxe3+ 17. Kh1 Qg7 18. Qh3 (18. Qxg7+ $142 Kxg7 19. Ne2) 18... Rae8 (18... Bc5 $19 {and Black stays clearly on top.} 19. Rd3 Qf7) 19. Rde1 $2 (19. Rd3 $17) 19... Bb6 20. Ba3 Bc5 21. b4 Bd6 22. c3 Nb6 23. Bc1 Nc4 24. a4 h5 25. Nxf5 gxf5 {[%cal Bg6f5,Bf5e4,Be4f3][%mdl 32] Black is clearly winning.} 26. Qxh5 Qh7 27. Qd1 Qh4 28. Re2 Kf7 29. Rfe1 Re4 30. Rxe4 fxe4 31. g3 Qh3 32. Re2 Qg4 33. Qf1 Qf3+ 34. Qxf3 exf3 35. Rf2 Re8 {( -> ...Re1+)} 36. Rf1 Bc7 37. h4 f5 38. Kh2 Re2+ 39. Kh3 Kg6 40. g4 fxg4+ 41. Kxg4 f2 42. f5+ Kf7 43. Kf3 Re1 44. Kg2 Be5 45. Bg5 Rxf1 46. Kxf1 Nd6 {Precision: White = 26%, Black = 60%.} 0-1

[Event "Dvorkovich Memorial Rapid 2018"]
[Site "Taganrog"]
[Date "2018.01.14"]
[Round "1.8"]
[White "Kryakvin, Dmitry"]
[Black "Grinev, Boris"]
[Result "1-0"]
[WhiteElo "2580"]
[BlackElo "2092"]
[Annotator "TA"]
[PlyCount "69"]
[EventDate "2018.??.??"]
[EventType "swiss"]
[EventCountry "RUS"]
[SourceTitle "playchess.com"]
[Source "ChessBase"]
[SourceQuality "1"]

{[%evp 10,69,26,15,33,30,36,36,37,20,36,26,31,25,46,24,41,23,41,41,40,30,32,31,47,46,46,46,44,43,40,41,189,189,189,189,189,182,182,175,375,392,484,464,585,552,557,368,538,539,533,519,575,564,547,535,987,766,773,773,771,764]} 1. d4 d5 2. c4 c6 3. cxd5 cxd5 4. Bg5 Qb6 (4... Nc6 5. Nc3 f6 6. Bd2 e5 7. e4 dxe4 8. dxe5 Nxe5 9. Qa4+ Bd7 10. Bb5 Nd3+ 11. Ke2 Nc5 12. Bxd7+ Qxd7 13. Qxd7+ Kxd7 {½-½ (46) Mamedyarov,S (2799)-Jobava,B (2690) Riadh 2017}) 5. Nc3 e6 6. Qd2 {LiveBook: 3 Games. D10: Slav Defence: 3 cxd5 (without early Nf3) and 3 Nc3} Nf6 7. Bxf6 gxf6 8. e3 {White is slightly better.} Bd7 9. Rc1 Nc6 10. f4 $146 ({Predecessor:} 10. Bd3 Na5 11. Nge2 Rc8 12. O-O {1-0 (44) Radibratovic,P (2321)-Jevdjovic,M (2342) Serbia 2006}) 10... f5 11. Nf3 Be7 12. Be2 O-O 13. O-O f6 14. Na4 Qb4 15. Nc5 Bxc5 16. Rxc5 Rac8 17. Rfc1 Qxd2 18. Nxd2 b6 19. R5c3 $36 {[%mdl 2048] Black must now prevent Bb5. White fights for an advantage.} Nb4 20. a3 Na2 (20... Rxc3 $14 21. Rxc3 Nc6) 21. Rxc8 $18 Rxc8 22. Rxc8+ Bxc8 {[%mdl 4096] Endgame [#] KBN-KBN} 23. Bb5 $1 a6 24. Bf1 b5 $2 (24... Nc1 25. Kf2 Bd7) 25. Nb3 b4 {[#] intending ...bxa3.} 26. a4 $1 Kf7 27. Bd3 Bd7 28. Nc5 Nc1 (28... Ke7 $142 29. Bxa6 b3) 29. Bxa6 {White is clearly winning.} Ke7 30. Kf2 Kd6 31. Ke1 b3 32. a5 e5 33. Bb7 Bb5 34. a6 Bxa6 35. Bxa6 {Precision: White = 68%, Black = 38%.} 1-0

[Event "Dvorkovich Memorial Rapid 2018"]
[Site "Taganrog"]
[Date "2018.01.14"]
[Round "1.9"]
[White "Kolmychek, Evelina"]
[Black "Timofeev, Artyom"]
[Result "0-1"]
[WhiteElo "2013"]
[BlackElo "2563"]
[Annotator "TA"]
[PlyCount "62"]
[EventDate "2018.??.??"]
[EventType "swiss"]
[EventCountry "RUS"]
[SourceTitle "playchess.com"]
[Source "ChessBase"]
[SourceQuality "1"]

{[%evp 21,62,-29,-26,-27,-37,-68,-39,-69,-104,-86,-60,-64,-55,-59,-50,-43,-18,-36,1362,0,0,0,0,0,0,0,3,-509,-37,-37,-36,-37,-34,-45,-43,-56,-37,-43,-37,-68,114,66,29989]} 1. e4 c5 2. Nf3 Nc6 3. d4 cxd4 4. Nxd4 g6 5. Nc3 Bg7 6. Be3 Nf6 7. Bc4 O-O 8. Bb3 Re8 {B35: Sicilian: Accelerated Dragon with 5 Nc3: main line} (8... d5 9. exd5 Na5 10. O-O Nxb3 11. Nxb3 b6 12. d6 e6 13. Qf3 Rb8 14. Rfd1 Bb7 15. Qh3 Rc8 16. Bd4 Nd5 17. Nxd5 Bxd5 18. Bxg7 Kxg7 {1-0 (34) Vachier Lagrave,M (2796)-Gelfand,B (2719) Palma de Mallorca 2017}) 9. f3 e6 10. Qd2 d5 11. exd5 Nxd5 {LiveBook: 3 Games} 12. Nxc6 $146 ({Predecessor:} 12. Nxd5 Nxd4 13. Bxd4 exd5+ 14. Kd1 Bxd4 15. Qxd4 Qg5 16. g4 {0-1 (70) Morozov,D (2310)-Zvjaginsev,V (2672) Cheliabinsk 2016}) 12... bxc6 13. Bg5 Qc7 $1 14. O-O Nxc3 15. bxc3 Qa5 16. Rad1 Bxc3 17. Qf4 $1 Be5 18. Qh4 Ba6 19. c4 Qb5 $2 {[%mdl 8192] [#]} (19... Qc7 $15) 20. Kh1 $2 (20. cxb5 $18 Bxb5 21. Rfe1) 20... Qc5 $11 21. Rd3 Bg7 22. Rfd1 h5 23. Be3 Qa5 24. Bxa7 $2 {[%mdl 8192]} (24. Rd7 $11 {and White stays safe.}) 24... Bxc4 $2 (24... Rxa7 $19 25. Rd8 Rxd8 26. Qxd8+ Qxd8 27. Rxd8+ Kh7) 25. Qxc4 $15 {[#] aiming for Bf2.} Qxa7 26. Qxc6 Rec8 27. Qd7 Rc7 28. Qd6 Kh7 29. Qf4 Qa5 30. h3 Rcc8 $2 (30... Rac8 $15 {keeps the upper hand.}) 31. Rd7 Qe1+ $2 {[%mdl 40960] Precision: White = 44%, Black = 35%. . Loss on Time!?} (31... Rf8 $14) 0-1

[Event "Dvorkovich Memorial Rapid 2018"]
[Site "Taganrog"]
[Date "2018.01.14"]
[Round "1.10"]
[White "Iljiushenok, Ilia"]
[Black "Simonyan, Grigori"]
[Result "1-0"]
[WhiteElo "2512"]
[BlackElo "2075"]
[Annotator "TA"]
[PlyCount "55"]
[EventDate "2018.??.??"]
[EventType "swiss"]
[EventCountry "RUS"]
[SourceTitle "playchess.com"]
[Source "ChessBase"]
[SourceQuality "1"]

{[%evp 16,55,34,40,43,22,35,34,50,44,41,38,29,35,43,-59,-61,-90,-77,-97,250,214,228,162,169,160,261,264,248,243,486,243,972,970,937,931,5377,4360,2221,1957,1810,1647]} 1. e4 c5 2. Nc3 e6 3. Nf3 d6 4. d4 cxd4 5. Nxd4 Nf6 6. g4 h6 7. Bg2 a6 8. g5 hxg5 9. Bxg5 Be7 {B81: Sicilian Scheveningen: Keres Attack} (9... Qb6 10. Nb3 Nc6 11. Qe2 Nd4 12. Nxd4 Qxd4 13. Be3 Qb4 14. O-O-O Bd7 15. f4 Qa5 16. Kb1 Be7 17. Bd2 {1-0 (58) Paveto,K (2417)-Pichot,A (2523) Villa Martelli 2015}) 10. h4 Qb6 11. Nb3 Nbd7 $146 {White is slightly better.} ({Predecessor:} 11... Nc6 12. Qe2 Bd7 13. O-O-O Qc7 14. f4 O-O-O 15. Bf3 Rde8 16. Rhe1 {1-0 (48) Morawietz,D (2280)-Huettemann,K Germany 1987}) 12. Qe2 Qc7 13. O-O-O Rb8 14. f4 b5 {[%cal Bb7b5,Bb5b4][%mdl 32]} 15. Rhe1 (15. a3 $14) 15... b4 $15 16. Nd5 exd5 17. exd5 {[%csl Ge1][%cal Re2e7]} Nf8 $2 {[%mdl 8192]} (17... O-O $1 $17 {and life is bright. Hoping for ...Re8.} 18. Qxe7 Re8 19. Qxe8+ Nxe8 20. Rxe8+ Nf8) 18. Nd4 Rb6 19. Rd3 Ng6 {[#]} 20. Re3 $1 {Black must now prevent h5!} Bg4 (20... Rb7 $16) 21. Bf3 $18 Bxf3 22. Qxf3 {Strongly threatening h5!} Qd7 $2 {[#]} (22... Qc5 {was worth a try.}) 23. Nc6 (23. h5 $142 $1 {[%mdl 512]} Nxh5 24. Bxe7 Nxe7 25. Nc6) 23... Rxc6 $2 (23... Qg4) 24. dxc6 {White is clearly winning.} Qc7 {[#]} 25. h5 $1 {[%mdl 512]} Nf8 (25... Nxh5 26. Bxe7) 26. Rxe7+ Qxe7 27. Rxe7+ Kxe7 28. Qe2+ {Precision: White = 52%, Black = 43%.} 1-0

[Event "Dvorkovich Memorial Rapid 2018"]
[Site "Taganrog"]
[Date "2018.01.14"]
[Round "1.11"]
[White "Vdovin, Maxim"]
[Black "Esipenko, Andrey"]
[Result "0-1"]
[WhiteElo "2151"]
[BlackElo "2571"]
[Annotator "TA"]
[PlyCount "62"]
[EventDate "2018.??.??"]
[EventType "swiss"]
[EventCountry "RUS"]
[SourceTitle "playchess.com"]
[Source "ChessBase"]
[SourceQuality "1"]

{[%evp 16,62,-10,-6,2,0,7,-61,-40,-36,-31,-91,-25,-33,-9,-7,-12,-35,0,-60,14,-44,-38,-38,-47,-55,-50,-47,-47,-42,-35,-112,-110,-96,-98,-116,-117,-125,-125,-189,-186,-210,-218,-210,-208,-222,-197,-174,-121]} 1. d4 Nf6 2. Nf3 e6 3. c4 b6 4. g3 Ba6 5. b3 Bb4+ 6. Bd2 Be7 7. Bg2 d5 8. Qc2 O-O 9. O-O {LiveBook: 19 Partien} Nbd7 {E15: Damenindisch (Hauptfortsetzung, Abweichungen)} (9... c5 10. Nc3 Nc6 11. dxc5 bxc5 12. Rad1 Rc8 13. Bf4 Qa5 14. Bd2 dxc4 15. Nd5 cxb3 16. Nxe7+ Nxe7 17. axb3 {½-½ (146) Wang,H (2734)-Harikrishna,P (2755) Danzhou 2016}) 10. Rd1 Rc8 11. e3 $146 (11. cxd5 $11 Nxd5 12. Nc3) ({Vorgänger:} 11. Bg5 c5 12. cxd5 cxd4 13. Qb2 d3 14. dxe6 dxe2 15. Rd2 Ne5 16. exf7+ Kh8 17. Rxe2 Qd1+ 18. Ne1 Qxe2 {0-1 (18) Mann,J (2151)-Halvax,G (2316) Graz 2015}) 11... c5 $15 {Schwarz steht etwas besser.} 12. dxc5 Nxc5 13. Bb4 (13. Nd4 $15) 13... Qc7 (13... Nce4 $17 14. Bxe7 Qxe7) 14. Nbd2 $11 Nb7 15. Bxe7 Qxe7 16. Rac1 Na5 17. Qb2 (17. Qb1 $1 $11) 17... Nc6 (17... dxc4 $15 18. Nxc4 Nxc4 19. bxc4 Rxc4) 18. Ne5 (18. cxd5 $11 Nxd5 19. Nc4) 18... Nxe5 $15 19. Qxe5 {[%cal Rc4d5]} dxc4 20. Nxc4 Bxc4 21. Rxc4 Rxc4 22. bxc4 Rc8 23. Qd6 ({Günstiger ist} 23. a4 $15) 23... Qxd6 $17 24. Rxd6 {[%mdl 4096] Endspiel KTL-KTS} Kf8 25. Rd4 Ke7 26. f4 Rc5 27. Bf1 (27. Bf3 $17 {war nötig.}) 27... Ra5 $19 {Schwarz steht deutlich besser.} 28. Rd2 Ne4 29. Rc2 Ra3 30. Bg2 Nc3 31. e4 Kd6 {Precision: Weiß = 26%, Schwarz = 44%.} (31... e5 $19 32. fxe5 h6) 0-1

[Event "Dvorkovich Memorial Rapid 2018"]
[Site "Taganrog"]
[Date "2018.01.14"]
[Round "1.12"]
[White "Potapov, Pavel"]
[Black "Krivochkin, Ilya"]
[Result "1-0"]
[WhiteElo "2479"]
[BlackElo "2046"]
[Annotator "TA"]
[PlyCount "105"]
[EventDate "2018.??.??"]
[EventType "swiss"]
[EventCountry "RUS"]
[SourceTitle "playchess.com"]
[Source "ChessBase"]
[SourceQuality "1"]

{[%evp 20,105,74,45,78,41,52,42,60,30,35,51,41,37,47,48,102,18,119,117,108,93,105,87,126,95,105,63,92,83,86,75,75,29,44,23,26,32,33,20,43,43,75,94,233,225,219,214,194,111,226,176,209,118,139,161,90,66,82,71,101,0,0,0,1064,1028,1098,1012,1209,1205,1202,1185,1161,1127,1141,1044,29989,668,1489,464,417,412,398,227,29987,29988,29988,29989]} 1. e4 d5 2. exd5 Nf6 3. d4 Nxd5 4. c4 Nf6 5. Nc3 c6 6. Nf3 Bg4 7. Be2 e6 8. O-O Be7 9. h3 Bh5 10. Be3 {B01: Skandinavische Verteidigung} (10. Bf4 O-O 11. a3 a5 12. Re1 Re8 13. Ne5 Bxe2 14. Rxe2 Na6 15. Rd2 Nd7 16. Ne4 Qc8 17. Qc2 Nf8 {½-½ (40) Korneev,O (2601)-Tiviakov,S (2700) Khanty-Mansiysk 2005}) 10... O-O 11. Qb3 {LiveBook: 4 Partien} Qb6 12. Qc2 {Weiß steht besser.} Bg6 13. Qc1 Qc7 14. Ne5 Nbd7 15. Nxg6 hxg6 16. Bf3 Nb6 $146 ({Vorgänger:} 16... Rfe8 17. Re1 Rad8 {½-½ (102) Bruedigam,M (2375)-Abel,D (2441) Berlin 2015}) 17. b3 Rfd8 (17... e5 $14) 18. Rd1 (18. Bf4 $16 Qc8 19. Rd1) 18... Rac8 (18... e5 $11) 19. Bf4 $16 Qd7 20. Qe3 Qe8 21. a4 Na8 {[%cal Bb6a8,Ba8c7,Bc7a6,Ba6b4][%mdl 32]} 22. Rd3 Bd6 23. Bg5 Be7 24. Rad1 Nc7 25. h4 Na6 26. Ne4 Nxe4 27. Bxe4 Nb4 28. R3d2 $1 Rd7 29. Qh3 Bxg5 30. hxg5 Qe7 31. f4 Rcd8 (31... c5 $16) 32. g4 $1 $18 {[%cal Bg2g4,Bg4g5][%mdl 32]} f5 33. gxf6 $1 ({Lieber nicht} 33. gxf5 exf5 34. Bg2 Re8 $11) 33... Qxf6 {[%cal Rd7d4]} 34. Qe3 (34. g5 $1 $18 {[%cal Rg5f6]} Qf7 35. Rh2) 34... a5 (34... Rf8 $16 {war nötig.}) 35. g5 Qf7 {[#]} 36. Rh2 $40 {[%mdl 128] Weiss hat starken Angriff.} ({Besser ist} 36. Kg2 $1 $18) 36... c5 $16 37. Qh3 {[%csl Gh2][%cal Rh3h8]} Kf8 38. d5 exd5 39. cxd5 Nxd5 40. Rf1 ({Günstiger ist} 40. f5 $16 Nf4 41. Qh8+ Qg8 42. Rxd7 Rxd7 43. Qh4 Rd1+ 44. Kf2) 40... Ne7 $1 $11 41. f5 {[%cal Bf4f5,Bf5g6][%mdl 32]} Rd1 $2 {[%mdl 8192]} (41... Nxf5 $11 42. Rhf2 Kg8) 42. Rhf2 $18 Rxf1+ 43. Rxf1 Ke8 44. fxg6 Qg8 45. Rf7 Rd1+ 46. Kf2 {Droht De6 und aus.} Rd2+ 47. Ke1 {Und De6 würde nun gewinnen.} Rd7 48. Qh7 (48. Qe6 $142 Kd8 49. Bf5 Qe8 50. Rf8 Kc7 51. Rxe8 Nc6 52. Qxd7+ Kb6 53. Qd6) 48... Rd8 {[#] Weiss sollte ...Dxh7 verhindern.} 49. Qxg8+ (49. Bd5 $142 $1 {[%mdl 512]}) 49... Nxg8 50. Rxg7 Ne7 51. Rh7 (51. Rf7 $142) 51... Rd7 $2 (51... Rd4 $18) 52. Rh8+ Ng8 53. Rxg8+ {Precision: Weiß = 49%, Schwarz = 32%.} 1-0